00520nam a2200169 a 4500008004100000020001500041050001500056100002000071245007000091260003500161300002200196350000900218500001700227650001400244650005000258650004200308120416s1988 ||||||||||||||||| || u a1852930128 aHC 800 Rur aRimmer, Douglas10aRural transformation in tropical Africacedited by Douglas Rimmer aLondon :bBelhaven Pressc1988 aviii, 177p. : ill a0.00 aBibliography 0aECONOMICS aAFRICA, SUB-SAHARA--ECONOMIC CONDITIONS--1960 aAFRICA, SUB-SAHARAN--RURAL CONDITIONS